| Tag |
First Indicator |
Second Indicator |
Subfields |
| LEADER |
00000cam a2200000 a 4500 |
| 001 |
in00001708607 |
| 005 |
20151024153648.0 |
| 008 |
010802s2003 at b 001 0 eng |
| 010 |
|
|
|a 2002104450
|
| 020 |
|
|
|a 0534523951
|
| 035 |
|
|
|a (OCoLC)ocm50503572
|
| 040 |
|
|
|a DLC
|c DLC
|d TXA
|d UtOrBLW
|
| 049 |
|
|
|a TXAM
|
| 050 |
0 |
0 |
|a BF76.7
|b .R67 2003
|
| 082 |
0 |
0 |
|a 808/.06615
|2 21
|
| 100 |
1 |
|
|a Rosnow, Ralph L.
|
| 245 |
1 |
0 |
|a Writing papers in psychology :
|b a student guide to research reports, essays, proposals, posters, and brief reports /
|c Ralph L. Rosnow and Mimi Rosnow.
|
| 250 |
|
|
|a 6th ed.
|
| 264 |
|
1 |
|a Australia ;
|a Belmont, CA :
|b Thomson/Wadsworth,
|c [2003]
|
| 264 |
|
4 |
|c ©2003
|
| 300 |
|
|
|a xvii, 154 pages ;
|c 23 cm.
|
| 336 |
|
|
|a text
|b txt
|2 rdacontent
|
| 337 |
|
|
|a unmediated
|b n
|2 rdamedia
|
| 338 |
|
|
|a volume
|b nc
|2 rdacarrier
|
| 504 |
|
|
|a Includes bibliographical references and index.
|
| 650 |
|
0 |
|a Psychology
|x Authorship.
|
| 650 |
|
0 |
|a Report writing.
|
| 700 |
1 |
|
|a Rosnow, Mimi,
|d 1938-
|
| 948 |
|
|
|a cataloged
|b h
|c 2002/12/4
|d c
|e ceaton
|f 1:59:25 pm
|
| 994 |
|
|
|a E0
|b TXA
|
| 999 |
|
|
|a MARS
|
| 999 |
f |
f |
|s 6374cfa2-662e-30d1-9a78-e8d10da0ea44
|i 7e97d312-ac40-3f0d-ba3c-1187a523c95f
|t 0
|
| 952 |
f |
f |
|p ric
|a Texas A&M University
|b Rellis Campus
|c Joint Library Facility
|d Remote Storage
|t 0
|e BF76.7 .R67 2003
|h Library of Congress classification
|i unmediated -- volume
|m A14829465931
|
| 998 |
f |
f |
|a BF76.7 .R67 2003
|t 0
|l Remote Storage
|